02265cam a2200253 45000010005000000100016000050200036000210200034000570820015000911000029001062450101001352600049002363000035002854400027003205040051003475051401003986500025017996500043018246500034018676500034019016500024019357000026019597000026019856884 a 99039675 a0847695719 (cloth : alk. paper) a0847695727 (pbk : alk. paper)00a302.23221 aSparks, Colin.bcdeq00aTabloid tales :bglobal debates over media standards /cedited by Colin Sparks and John Tulloch. aLanham, Md. :bRowman & Littlefield,cc2000. axiii, 315 p. :bill. ;c24 cm. 0aCritical media studies aIncludes bibliographical references and index. aChapter 1 Foreword Chapter 2 Introduction: The Panic over Tabloid News Part 3 Part One: Are the Tabloids Taking Over?Chapter 4 1 Political Space and the Trade in Television News Chapter 5 2 Does Tabloidization Make German Local Newspapers Successful? Chapter 6 3 Tabloidization in the British Press: A Quantitative Investigation into Changes in British Newspapers, 1952- 1997 Chapter 7 4 Thirty Years of Competition in the British Tabloid Press: The Mirror and the Sun, 1968-1998 Chapter 8 5 The Development of the Tabloid Press in Hungary Part 9 Part Two: Tabloid Journalism in Perspective Chapter 10 6 The Eternal Recurrence of New Journalism Chapter 11 7 The Home and Family Section in the Japanese Newspaper Chapter 12 8 Talking about the Tabloids: Journalists' Views Chapter 13 9 Tabloidized Political Coverage in the German Bild-Zeitung Chapter 14 10 Tabloidization, Media Panics, and Mad Cow Disease Part 15 Part Three: What Implications Does Tabloid Journalism Have for Society?Chapter 16 11 Audience Demands in a Murderous Market: Tabloidization of U.S. Television News Chapter 17 12 Literacy, Seriousness, and the Oprah Winfrey Book Club Chapter 18 13 Rethinking Personalization in Current Affairs Journalism Chapter 19 14 La Nota Roja: Popular Journalism and the Transition to Democracy in Mexico Chapter 20 15 Tabloidization, Popular Journalism, and Democracy. 0aJournalistic ethics. 0aMass mediaxMoral and ethical aspects. 0aSensationalism in journalism. 0aSensationalism on television. 0aTabloid newspapers.1 aSparks, Colin,d1947-1 aTulloch, John,d1946-